Law of transfer of property /

Bibliografiske detaljer
Hovedforfatter: Sarathi, Vepa P., 1916-
Institution som forfatter: India
Format: Bog
Sprog:English
Udgivet: Lucknow : Eastern Book Co., 2007 [reprinted].
Udgivelse:Fifth edition.
Fag:
Classic Catalogue: View this record in Classic Catalogue
LEADER 01536nam a2200277 a 4500
001 0020118
003 BD-DhAAL
008 100420r2007 ii a l 001 0 eng d
020 |a 817012946x 
040 |a MiU-L  |c MiU-L  |d BD-DhAAL 
082 0 0 |a 346.540436  |2 22 
100 1 |a Sarathi, Vepa P.,  |d 1916-   |9 816 
245 0 0 |a Law of transfer of property /  |c Vepa P. Sarathi 
250 |a Fifth edition. 
260 |a Lucknow :  |b Eastern Book Co.,  |c 2007 [reprinted]. 
300 |a 1 v. (various pagings) :  |b ill. ;  |c 24 cm 
504 |a Includes bibliographical references and index.  
526 |a SOL  |x K. Shamsuddin Mahmood Professor and Dean School of Law BRAC University 
541 1 |e 0020118, 0020119  |a Anupam Gyan Bhandar 
650 0 |a Transfer (Law)  |z India  |9 59011 
710 1 2 |a India.  |t Transfer of Property Act, 1882.  |f 1990   |9 59012 
852 4 |a Ayesha Abed Library  |c General Stacks 
942 |2 ddc  |c BK 
999 |c 8164  |d 8164 
952 |0 0  |1 0  |2 ddc  |4 0  |6 346_540436000000000_SAR_2007  |7 0  |9 9315  |a BRACUL  |b BRACUL  |c GEN  |d 2010-04-20  |e Anupam Gyan Bhandar  |g 333.00  |l 16  |m 143  |o 346.540436 SAR  |p 3010020119  |r 2026-05-13  |s 2026-02-05  |t 2  |v 666.00  |w 2010-04-20  |y BK  |x Requisitioned by K. Shamsuddin Mahmood, Professor and Dean, School of Law, BRAC University 
952 |0 0  |1 0  |2 ddc  |4 0  |6 346_540436000000000_SAR_2007  |7 0  |9 9323  |a BRACUL  |b BRACUL  |c GEN  |d 2010-04-20  |e Anupam Gyan Bhandar  |g 333.00  |l 20  |m 114  |o 346.540436 SAR  |p 3010020118  |r 2026-05-04  |s 2026-04-25  |t 1  |v 666.00  |w 2010-04-20  |y BK  |x Requisitioned by K. Shamsuddin Mahmood, Professor and Dean, School of Law, BRAC University